| 000 | 00545nam a2200181 a 4500 | ||
|---|---|---|---|
| 001 | 000021182 | ||
| 005 | 20200930011245.0 | ||
| 008 | 100901s1970 ve r 000 j spa d | ||
| 040 |
_aDO-SdBNP _bspa _cBNPHU |
||
| 082 |
_aV863.44 _bM357d |
||
| 100 | 1 |
_aMárquez Salas, Antonio _944283 |
|
| 245 | 1 | 0 |
_aEl día implacable : _bcuentos escogidos, 1947-69 / _cAntonio Márquez Salas. |
| 260 |
_aCaracas : _bMonte Avila, _c1970. |
||
| 300 |
_a178 p. ; _c18 cm. |
||
| 650 | 4 |
_aCuentos cubanos _91482 |
|
| 650 | 4 |
_aLiteratura cubana _91483 |
|
| 049 | _aBNGR | ||
| 999 |
_c20683 _d20683 |
||